Raíces humanistas de la ciencia económica

保存先:
書誌詳細
主要な著者: Barceló, Joaquín (著者), Mertz, Oscar (著者), Fernández Mateo, Francisco (著者)
その他の著者: Miranda, Carlos E. (autor)
フォーマット: 図書
言語:スペイン語
出版事項: Santiago Universidad de Chile 1990
主題:
タグ: タグ追加
タグなし, このレコードへの初めてのタグを付けませんか!

MARC

LEADER 00000nam a2200000 a 4500
001 UCO8277
003 CL-VaPUC
005 20241127085255.0
008 001201e19900000CL |||||||||||||||||spa|d
999 |c 293002  |d 293000 
040 |c Pontificia Universidad Católica de Valparaíso 
082 0 4 |a 330.01  |b BAR  |2 21 
100 0 |a Barceló, Joaquín  |e author  |9 453186 
245 1 0 |a Raíces humanistas de la ciencia económica 
260 |a Santiago  |b Universidad de Chile  |c 1990 
300 |a 101 p 
500 |a Donación del profesor Manfred Wilhelmy von Wolff 
583 |a last modification  |c 20001201 00:00:00  |k Rodrigo Vera 
600 0 |a Aristóteles,  |d 384 a.C.- 322 a.C.  |9 194 
600 0 |a Locke, John  |d 1632-1704  |9 860808 
600 0 |a Smith, Adam   |e autor   |9 345876 
650 0 |a Teoría económica  |9 315055 
650 0 |a Ciencias económicas   |9 377441 
650 7 |a SOCIOLOGIA ECONOMICA  |2 CL-VaPUC  |9 341237 
700 |a Miranda, Carlos E.  |e autor  |9 480872 
700 0 |a Mertz, Oscar  |e author  |9 453188 
700 |a Fernández Mateo, Francisco  |e author  |9 315963 
942 |c BK  |2 ddc 
945 |d 20001201 00:00:00  |a crobeson 
952 |0 0  |1 0  |4 0  |6 330_010000000000000_BAR_1990  |7 0  |8 A  |9 344097  |a BIBHIS  |b BIBHIS  |d 2019-11-20  |i 1236237  |o 330.01 BAR 1990  |p 1236237  |r 2025-01-20  |w 2019-11-20  |y BK  |k HIS